000 00599nam a2200181Ia 4500
008 151202s9999||||xx |||||||||||||| ||und||
082 _bPNVM-44533
100 _aशेंड्ये अवधूत.
245 _aआता सभा गाजवा.
260 _b"मनोरमा प्रकाशन ,दादर."
260 _c2000
300 _a122
600 _aशेंड्ये अवधूत.
630 _aआता सभा गाजवा.
700 _aशेंड्ये अवधूत.
730 _aआता सभा गाजवा.
942 _cBOOK
999 _c1310485
_d1310482